Konkurenčné koncepcie výsledku hospodárenia v systéme IFRS

Medzinárodné štandardy finančného vykazovania (IFRS) poskytujú dve koncepcie na zistenie a zobrazenie výsledku hospodárenia. V koncepčnom rámci jednoznačne prevažuje majetkovo-záväzkový prístup. Na druhej strane stojí výnosovo-nákladový prístup. Porovnanie kocepcií.

Enregistré dans:
Détails bibliographiques
Auteur principal: Kucková, Alena
Format: Chapitre de livre
Langue:slovaque
Sujets:
Tags: Ajouter un tag
Pas de tags, Soyez le premier à ajouter un tag!

MARC

LEADER 00000naa$a2200000$$$4500
001 0094696
005 20240502072043.8
041 0 |a slo 
044 |a SK 
245 1 0 |a Konkurenčné koncepcie výsledku hospodárenia v systéme IFRS  |c Alena Kucková 
520 |a Medzinárodné štandardy finančného vykazovania (IFRS) poskytujú dve koncepcie na zistenie a zobrazenie výsledku hospodárenia. V koncepčnom rámci jednoznačne prevažuje majetkovo-záväzkový prístup. Na druhej strane stojí výnosovo-nákladový prístup. Porovnanie kocepcií. 
610 2 0 |a výkazy finančné 
610 2 0 |a štandardy 
610 2 0 |a výsledok hospodársky 
610 2 0 |a koncepcie 
100 1 |a Kucková, Alena